| 000 | 00711cam a2200229 a 4500 | ||
|---|---|---|---|
| 001 | 2599575 | ||
| 005 | 20180125040138.0 | ||
| 008 | 971103s1998 ilua b 001 0 eng | ||
| 010 | _a 97039341 | ||
| 020 | _a0880115424 | ||
| 040 |
_aDLC _cDLC _dDLC |
||
| 041 | _aeng | ||
| 080 | _a658.382 dav | ||
| 082 | 0 | 0 |
_a658.382 dav _221 |
| 100 | 1 | _a54 | |
| 101 | _alid | ||
| 245 | 1 | 0 |
_aWorksite health promotion / _cby David H. Chenoweth. |
| 504 | _aIncludes bibliographical references and index. | ||
| 906 |
_a7 _bcbc _corignew _d1 _eocip _f19 _gy-gencatlg |
||
| 942 |
_2ddc _cBK |
||
| 999 |
_c40900 _d40900 |
||